El conejo y el mapurite : (Registro nro. 12358)

Detalles MARC
000 -LIDER
fixed length control field 00744nam a22002537a 4500
001 - NÚMERO DE CONTROL
Identificador de número de control 0011935
003 - IDENTIFICACDOR DE NÚMERO DE CONTROL
control field DO-SdBNP
005 - DATE AND TIME OF LATEST TRANSACTION
control field 20180219124000.0
007 - CAMPOS FIJOS DE DESCRIPCIÓN FÍSICA
fixed length control field 0011935
008 - ELEMENTOS DE LONGITUD FIJA
fixed length control field 161207b 1988 ve|||| |||| 00| 0 spa d
020 ## - ISBN
International Standard Book Number 9802570060
040 ## - FUENTE DE CATALOGACIÓN
Agencia que crea de manera original el registro BPMSU
Idioma de catalogación spa
Agencia que realiza la transcripción BPMSU
100 1# - ASIENTO PRINCIPAL -- NOMBRE PERSONAL
Nombre personal Uribe, Verónica
245 03 - MENCIÓN DE TITULO
Título El conejo y el mapurite :
Subtítulo cuento guajiro /
Mención de responsabilidad Verónica Uribe ; ilustración Vicky Sempere
250 ## - MENCIÓN DE EDICION
Mención de edición 4a ed.
260 ## - PUBLICACIÓN, DISTRIBUCIÓN, ETC. (PIE DE IMPRENTA)
Lugar de publicación, distribución, etc Caracas, Venezuela :
Nombre del editor, distribuidor, etc. Ediciones Ekaré,
Fecha de publicación, distribución, etc 1988.
300 ## - DESCRIPCIÓN FÍSICA
Extensión 36 p. :
Otros detalles físicos il.,
Dimensiones 21 cm.
490 1# - MENCIÓN DE SERIES
Mención de serie Narraciones indigenas
700 1# - ASIENTO SECUNDARIO -- NOMBRE PERSONAL
Nombre personal Sempere, Vicky,
Mención de responsabilidad il.
830 #0 - ASIENTO SECUNDARIO DE SERIE--TÍTULO UNIFORME
Título uniforme Narraciones indigenas
942 ## - ADDED ENTRY ELEMENTS (KOHA)
Source of classification or shelving scheme Dewey Decimal Classification
Koha item type Libros
945 ## - INFORMACIÓN DE PROCESAMIENTO LOCAL
Información de procesamiento local Inventariado, 2018/MFF
956 ## - LOCAL ELECTRONIC LOCATION AND ACCESS (OCLC)
Nombre de host BTAVÁREZ
Número de acceso 10
Información de compresión 20161207
Trayectoria 0011935
Existencias
Withdrawn status Lost status Source of classification or shelving scheme Damaged status Not for loan Collection code Home library Current library Date acquired Total Checkouts Barcode Date last seen Price effective from Koha item type
    Dewey Decimal Classification     Colección Infantil General Biblioteca Pública Metropolitana Salomé Ureña Biblioteca Pública Metropolitana Salomé Ureña 12/07/2016   BPMSU16120215 12/07/2016 12/07/2016 Libros